000 00483nam a2200181Ia 4500
005 20250326141704.0
008 250326s9999 xx 000 0 und d
037 _aTextbook
040 _aFMSL
_beng
_cFMSL
041 _aeng
_2eng
084 _aX9W.4 M1
_qFMSL
100 _aBasu P K
_9559255
245 0 _aNew managerial order in Asia
_cBasu P K
260 _aDelhi
_bDelhi, MacMillan
_c1981
300 _a248p
942 _cTB
_hX9W.4 M1
999 _c1291505
_d1291505